000 00633nam a22001937a 4500
005 20240215115533.0
010 _aENG-139252
020 _c450.00
_a9789356069121
035 _aEN-122784
037 _bDBAD/PUB
082 _a530
_21
245 _aFoundation Physics 2023/
250 _a1
260 _aUttar Pradesh
_bPearson India Education Pvt Ltd
_c2023
270 _bUttar Pradesh
_a15th FLoor, Tower-B, World Trade Tower, Plot No.1, Block- C, Sector-16, Noida
_e201301
300 _avpp.
_c28cm(pb)
_bIndex
500 _aContent Based on NCERT Curriculam 2023 For Class10
942 _2ddc
_cEN
_h530
_mFOU
_e1
999 _c200759
_d200759